[Event "FIDE World Blitz 2014"]
[Site "Dubai UAE"]
[Date "2014.06.19"]
[Round "7.12"]
[White "Ragger, M"]
[Black "Mamedov, Rau"]
[Result "1-0"]
[WhiteElo "2632"]
[BlackElo "2659"]
[EventDate "2014.06.19"]
[WhiteTitle "GM"]
[BlackTitle "GM"]
[WhiteFideId "1610856"]
[BlackFideId "13401653"]

1.d4 d6 2.Nf3 g6 3.c4 Bg7 4.Nc3 Nf6 5.e4 O-O 6.Be2 c5 7.O-O cxd4 8.Nxd4 
Nc6 9.Be3 Nxd4 10.Bxd4 Bd7 11.Qd3 Bc6 12.f4 Nd7 13.Bxg7 Kxg7 14.b3 Qa5 15.
Rae1 Rae8 16.Bf3 Kg8 17.Re2 a6 18.h4 b5 19.h5 bxc4 20.bxc4 Qc5+ 21.Kh2 Nb6
22.h6 Qxc4 23.Qd2 Qc5 24.Rc1 Nc4 25.Qd3 Rc8 26.Rec2 Ne3 27.Nd5 Nxc2 28.
Nxe7+ Kh8 29.Rxc2 Qb6 30.Nxc8 Rxc8 31.Qc3+ 1-0

[Event "FIDE World Blitz 2014"]
[Site "Dubai UAE"]
[Date "2014.06.19"]
[Round "11.14"]
[White "Korobov, A"]
[Black "Guseinov, G"]
[Result "1-0"]
[WhiteElo "2680"]
[BlackElo "2613"]
[EventDate "2014.06.19"]
[WhiteTitle "GM"]
[BlackTitle "GM"]
[WhiteFideId "14105730"]
[BlackFideId "13401378"]

1.d4 Nf6 2.c4 g6 3.Nc3 Bg7 4.e4 d6 5.Nf3 O-O 6.Be2 c5 7.d5 e5 8.O-O Nh5 9.
g3 Kh8 10.a3 Nd7 11.Ne1 Nhf6 12.Nd3 Ng8 13.b4 b6 14.bxc5 bxc5 15.Rb1 a6 
16.Be3 f5 17.f3 Bh6 18.Bxh6 Nxh6 19.Qd2 Kg7 20.f4 Qe7 21.Rbe1 fxe4 22.Nxe4
exf4 23.Bf3 fxg3 24.Nexc5 Nxc5 25.Nxc5 1-0

[Event "FIDE World Blitz 2014"]
[Site "Dubai UAE"]
[Date "2014.06.20"]
[Round "16.41"]
[White "Mchedlishvili, M"]
[Black "Salgado Lopez, I"]
[Result "1-0"]
[WhiteElo "2632"]
[BlackElo "2622"]
[EventDate "2014.06.19"]
[WhiteTitle "GM"]
[BlackTitle "GM"]
[WhiteFideId "13600966"]
[BlackFideId "2257327"]

1.d4 Nf6 2.c4 g6 3.g3 Bg7 4.Bg2 O-O 5.Nc3 c6 6.e4 d6 7.Nge2 Nbd7 8.O-O e5 
9.h3 Re8 10.d5 Qc7 11.Be3 a5 12.Rc1 Nc5 13.b3 Bd7 14.a3 Na6 15.Rb1 c5 16.
Qd2 Qd8 17.Kh2 Rb8 18.Nb5 Qb6 19.Nec3 Bxb5 20.cxb5 Nc7 21.a4 Qa7 22.Rbc1 
b6 23.Nb1 Rf8 24.Na3 Nce8 25.Nc4 Qe7 26.Bg5 Kh8 27.Rce1 Qc7 28.f4 exf4 29.
gxf4 Ng8 30.Bh4 Bd4 31.e5 Rd8 32.Bxd8 Qxd8 33.Re4 dxe5 34.fxe5 Qxd5 35.
Ref4 Qe6 36.Qe2 h5 37.Qf3 Kg7 38.Qd5 Qe7 39.Kh1 Nh6 40.Nxb6 Bxe5 41.Re4 f6
42.Nc4 Nf5 43.Nxe5 Ng3+ 44.Kg1 Nxe4 45.Nc6 Qd6 46.Qxe4 Qd2 47.Qf4 Qc3 48.
Qf3 Qb2 49.Qe3 Nd6 50.Qe7+ Nf7 51.Qxc5 Ng5 52.Nd4 Re8 53.Qc7+ Kh6 54.Qf4 
Rf8 55.h4 f5 56.hxg5+ Kh7 57.Ne6 Rf7 58.Qd4 Qe2 59.Nf4 Qe7 60.Qb6 Rg7 61.
Qf6 Qc5+ 62.Kh1 h4 63.b6 Qb4 64.b7 h3 65.Nxh3 Rxb7 66.Nf4 Rg7 67.Rf3 Qe1+ 
68.Kh2 Kg8 69.Qd8+ Kf7 70.Rd3 Rh7+ 71.Nh3 Qe5+ 72.Kg1 Qc5+ 73.Qd4 Qc1+ 74.
Rd1 Qc2 75.Qd7+ Kf8 76.Qd8+ Kf7 77.Qf6+ Ke8 78.Rd8# 1-0

[Event "FIDE World Blitz 2014"]
[Site "Dubai UAE"]
[Date "2014.06.20"]
[Round "17.19"]
[White "Riazantsev, A"]
[Black "Guseinov, G"]
[Result "1-0"]
[WhiteElo "2692"]
[BlackElo "2613"]
[EventDate "2014.06.19"]
[WhiteTitle "GM"]
[BlackTitle "GM"]
[WhiteFideId "4125029"]
[BlackFideId "13401378"]

1.d4 Nf6 2.c4 g6 3.Nc3 Bg7 4.e4 d6 5.h3 O-O 6.Nf3 e5 7.d5 a5 8.g4 Na6 9.
Be3 Kh8 10.Be2 Bd7 11.Nd2 Ng8 12.h4 f5 13.gxf5 gxf5 14.exf5 Bxf5 15.Nde4 
Nf6 16.Ng3 Bd7 17.h5 h6 18.Qd2 Ng4 19.Bxg4 Bxg4 20.Bxh6 Qf6 21.Bxg7+ Qxg7 
22.Nge2 Nc5 23.O-O-O Qh7 24.Rhg1 Rf3 25.Rxg4 Nd3+ 26.Kb1 Nxf2+ 27.Qc2 
Qxc2+ 28.Kxc2 Nxg4 29.Rg1 Rg8 30.Kb3 Ne3 31.Rh1 Nf1 32.Ka4 b6 33.Kb5 Rg2 
34.Kc6 Ng3 35.Nxg3 Rfxg3 36.Kxc7 Rxb2 37.Nb5 Rxa2 38.Nxd6 Rc2 39.Re1 a4 
40.Rxe5 a3 41.Re8+ Kh7 42.Re7+ Rg7 43.Rxg7+ Kxg7 44.Nf5+ Kf6 45.Ne3 Rc3 
46.Ng4+ 1-0

[Event "FIDE World Blitz 2014"]
[Site "Dubai UAE"]
[Date "2014.06.20"]
[Round "18.29"]
[White "Ipatov, Alexander"]
[Black "Kasimdzhanov, R"]
[Result "1-0"]
[WhiteElo "2613"]
[BlackElo "2700"]
[EventDate "2014.06.19"]
[WhiteTitle "GM"]
[BlackTitle "GM"]
[WhiteFideId "14116731"]
[BlackFideId "14200244"]

1.c4 g6 2.d4 Bg7 3.Nc3 Nf6 4.e4 d6 5.Nf3 O-O 6.h3 b6 7.Bd3 Bb7 8.O-O e6 9.
Re1 Nbd7 10.Bg5 h6 11.Be3 e5 12.Qd2 exd4 13.Nxd4 Nc5 14.f3 Nfd7 15.Bf1 h5 
16.Nd5 a5 17.Rad1 a4 18.Kh1 Ne6 19.Nxe6 fxe6 20.Bg5 Qb8 21.Nf4 Qe8 22.Nd3 
e5 23.Nb4 Nc5 24.Nd5 Ne6 25.Be3 Rf7 26.b4 axb3 27.axb3 Kh7 28.Ra1 Qf8 29.
Qb2 Nd4 30.Bxd4 exd4 31.Qd2 Be5 32.Rxa8 Bxa8 33.Bd3 Bxd5 34.exd5 Qd8 35.
Qf2 Qg5 36.Re4 Kg7 37.h4 Qc1+ 38.Qe1 Qc3 39.Rxe5 Qxd3 40.Re4 b5 41.cxb5 
Qxb5 42.Rxd4 Qxb3 43.Kh2 Qb2 44.Qe3 Qc2 45.Re4 Qd1 46.Qg5 Qa1 47.Re6 Qb1 
48.Re7 Qf5 49.Qxf5 gxf5 50.Rxf7+ Kxf7 51.Kg3 1-0

[Event "FIDE World Blitz 2014"]
[Site "Dubai UAE"]
[Date "2014.06.20"]
[Round "20.25"]
[White "Laznicka, V"]
[Black "Anton Guijarro, D"]
[Result "1-0"]
[WhiteElo "2679"]
[BlackElo "2631"]
[EventDate "2014.06.19"]
[WhiteTitle "GM"]
[BlackTitle "GM"]
[WhiteFideId "316385"]
[BlackFideId "2285525"]

1.d4 Nf6 2.c4 g6 3.f3 Bg7 4.e4 d6 5.Be3 O-O 6.Ne2 c6 7.Nbc3 a6 8.Qd2 b5 9.
c5 a5 10.cxd6 exd6 11.Nf4 Re8 12.Be2 Nbd7 13.O-O Ba6 14.Rfe1 b4 15.Na4 
Bxe2 16.Rxe2 Qb8 17.b3 Qb5 18.Rc1 g5 19.Nd3 g4 20.Kh1 Kh8 21.Nab2 gxf3 22.
gxf3 Qh5 23.Rf2 c5 24.Rg1 cxd4 25.Bxd4 Ne5 26.Nf4 Qh4 27.Rg3 Bh6 28.Be3 
Nxf3 29.Rfxf3 Nxe4 30.Qd4+ Re5 31.Rg1 Bg7 32.Nc4 Rg5 33.Qxe4 d5 34.Ng6+ 
1-0

[Event "5th Hainan Danzhou 2014"]
[Site "Danzhou CHN"]
[Date "2014.06.30"]
[Round "5.1"]
[White "Bu Xiangzhi"]
[Black "Zhao Jun"]
[Result "1-0"]
[WhiteElo "2693"]
[BlackElo "2603"]
[EventDate "2014.06.25"]
[WhiteTitle "GM"]
[BlackTitle "GM"]
[WhiteFideId "8601445"]
[BlackFideId "8602522"]

1.Nf3 Nf6 2.c4 g6 3.g3 Bg7 4.Bg2 O-O 5.O-O d6 6.d4 Nc6 7.Nc3 Bf5 8.b3 e5 
9.d5 Ne7 10.Bb2 Qd7 11.Ne1 Bh3 12.e4 Nh5 13.Qe2 Bh6 14.f3 a6 15.Bxh3 Qxh3 
16.Nd3 Qd7 17.Kh1 f5 18.exf5 Nxf5 19.Ne4 Nd4 20.Qg2 b5 21.f4 bxc4 22.bxc4 
Qa4 23.Rac1 Qxa2 24.Nd2 Qa4 25.fxe5 Rxf1+ 26.Rxf1 Qc2 27.exd6 Qxd3 28.dxc7
Nf5 29.Rxf5 gxf5 30.d6 Rc8 31.Qd5+ Qxd5+ 32.cxd5 Bg5 33.Nc4 Bd8 34.Be5 Bf6
35.Nb6 1-0

[Event "Lake Sevan 2014"]
[Site "Martuni ARM"]
[Date "2014.07.28"]
[Round "2.4"]
[White "Sjugirov, S"]
[Black "Fedoseev, Vl3"]
[Result "1-0"]
[WhiteElo "2643"]
[BlackElo "2668"]
[EventDate "2014.07.27"]
[WhiteTitle "GM"]
[BlackTitle "GM"]
[WhiteFideId "4189302"]
[BlackFideId "24130737"]

1.d4 Nf6 2.c4 g6 3.Nc3 Bg7 4.e4 d6 5.f3 O-O 6.Be3 Nbd7 7.Qd2 c5 8.Nge2 a6 
9.dxc5 dxc5 10.Rd1 Qc7 11.Nf4 e6 12.Nd3 Nh5 13.Be2 b6 14.Nf2 Rd8 15.Bg5 
Re8 16.O-O Ne5 17.Qd6 Ra7 18.g4 Nf6 19.f4 Nc6 20.e5 Nd7 21.Nfe4 h6 22.Bh4 
g5 23.fxg5 hxg5 24.Bxg5 Bxe5 25.Qxc7 Rxc7 26.Nd6 Rf8 27.Bh6 Bg7 28.Bxg7 
Kxg7 29.g5 Nde5 30.h4 Nd4 31.h5 Bb7 32.Kf2 Bc6 33.b3 Rd7 34.Nde4 Rfd8 35.
Nf6 Nxe2 36.Rxd7 Nxd7 37.Kxe2 Ne5 38.h6+ Kh8 39.Nce4 Rd4 40.g6 fxg6 41.Ng5
Rh4 42.Nd5 Rh2+ 43.Kd1 Nd7 44.Ne7 Bg2 45.Rf2 Rh1+ 46.Kd2 1-0

[Event "89th ch-FRA 2014"]
[Site "Nimes FRA"]
[Date "2014.08.17"]
[Round "1.1"]
[White "Gharamian, T"]
[Black "Bacrot, E"]
[Result "1-0"]
[WhiteElo "2657"]
[BlackElo "2720"]
[EventDate "2014.08.17"]
[WhiteTitle "GM"]
[BlackTitle "GM"]
[WhiteFideId "13301527"]
[BlackFideId "605506"]

1.d4 Nf6 2.c4 g6 3.Nc3 Bg7 4.Nf3 O-O 5.g3 c5 6.Bg2 cxd4 7.Nxd4 Nc6 8.O-O 
Qa5 9.Ncb5 a6 10.Nb3 Qd8 11.Nc3 d6 12.c5 dxc5 13.Qxd8 Rxd8 14.Nxc5 Nd7 15.
N5a4 Nde5 16.Bf4 Bf5 17.Nc5 Rab8 18.Rad1 h6 19.h4 Rdc8 20.Nd5 a5 21.Nb6 
Rc7 22.Nd5 Rcc8 23.Rfe1 b6 24.Na6 Rb7 25.Rc1 Nd4 26.Nf6+ Bxf6 27.Bxb7 Rd8 
28.Bxh6 Rd7 29.Bg2 Ra7 30.Nc7 Bg4 31.Kf1 a4 32.Be3 Nd7 33.Bxd4 Bxd4 34.Nb5
1-0

[Event "TCh-TUR Super League 2014"]
[Site "Kocaeli TUR"]
[Date "2014.08.19"]
[Round "2.3"]
[White "Cheparinov, I"]
[Black "Mamedov, Nid"]
[Result "1-0"]
[WhiteElo "2681"]
[BlackElo "2624"]
[EventDate "2014.08.18"]
[WhiteTitle "GM"]
[BlackTitle "GM"]
[WhiteTeam "Turk Hava Yollari Spor Kulubu"]
[BlackTeam "Mersin Ezgi Satranc Kulubu"]
[WhiteFideId "2905540"]
[BlackFideId "13400819"]

1.d4 Nf6 2.c4 g6 3.Nf3 Bg7 4.g3 O-O 5.Bg2 d6 6.O-O Nc6 7.Nc3 a6 8.Bf4 h6 
9.Qc1 Kh7 10.Rd1 Bf5 11.h3 g5 12.g4 Bg6 13.Bg3 e6 14.d5 exd5 15.cxd5 Ne7 
16.Nd4 Nd7 17.h4 gxh4 18.Bxh4 Ne5 19.Nf5 f6 20.Nxg7 Kxg7 21.Qf4 Qd7 22.Rd4
f5 23.g5 h5 24.Bg3 Bh7 25.Qd2 N7g6 26.f4 Ng4 27.Nd1 Rae8 28.Rc1 Rf7 29.
Rdc4 Kg8 30.Bf2 Ree7 31.e3 Qe8 32.Qd4 h4 33.Qd2 Kf8 34.R1c3 Bg8 35.Qc2 Qd7
36.Bh3 Kg7 37.a4 Kh7 38.Bxh4 b5 39.axb5 Qxb5 40.Bg3 Rf8 41.Bxg4 1-0

[Event "Tal Memorial Blitz 2014"]
[Site "Sochi RUS"]
[Date "2014.11.13"]
[Round "4.4"]
[White "Inarkiev, E"]
[Black "Svidler, P"]
[Result "1-0"]
[WhiteElo "2688"]
[BlackElo "2743"]
[EventDate "2014.11.13"]
[WhiteTitle "GM"]
[BlackTitle "GM"]
[WhiteFideId "4162722"]
[BlackFideId "4102142"]

1.d4 d6 2.Nf3 g6 3.c4 Bg7 4.g3 Nf6 5.Bg2 O-O 6.O-O Nbd7 7.Nc3 e5 8.e4 exd4
9.Nxd4 Re8 10.h3 a6 11.Re1 Rb8 12.a4 Nc5 13.a5 h6 14.Ra3 Ne6 15.Nc2 Ng5 
16.Kh2 Be6 17.f4 Ngh7 18.Nd5 c6 19.Nb6 Nd7 20.Nxd7 Qxd7 21.Ne3 f5 22.Rd3 
fxe4 23.Rxd6 Qf7 24.Qc2 Nf6 25.Bd2 Bf8 26.Bb4 Bxd6 27.Bxd6 Rbd8 28.Be5 Rd7
29.Rf1 Red8 30.f5 gxf5 31.Nxf5 Bxf5 32.Rxf5 Qe6 33.Qf2 Rd2 34.Qf4 Qxc4 35.
Qxh6 1-0

[Event "Qatar Masters Open 2014"]
[Site "Doha QAT"]
[Date "2014.12.03"]
[Round "8.15"]
[White "Moiseenko, A1"]
[Black "Van Kampen, R"]
[Result "1-0"]
[WhiteElo "2701"]
[BlackElo "2612"]
[EventDate "2014.11.26"]
[WhiteTitle "GM"]
[BlackTitle "GM"]
[WhiteFideId "14102560"]
[BlackFideId "1020854"]

1.d4 Nf6 2.c4 g6 3.Nc3 Bg7 4.e4 d6 5.Bd3 O-O 6.Nge2 Nc6 7.O-O e5 8.d5 Nd4 
9.Nxd4 exd4 10.Ne2 Nd7 11.Rb1 c5 12.f4 Re8 13.Ng3 Qh4 14.Qf3 a6 15.Bd2 Rb8
16.a4 b6 17.Rbe1 Rb7 18.h3 a5 19.Re2 Ra7 20.b3 Nf8 21.e5 dxe5 22.f5 gxf5 
23.Bxf5 e4 24.Nxe4 Bxf5 25.Nf6+ Qxf6 26.Rxe8 Bd7 27.Qxf6 Bxf6 28.Rxf8+ 
Kxf8 29.Rxf6 Rb7 30.Bh6+ Ke8 31.Kf2 Bc8 32.Ke1 Bd7 33.Kd2 Bc8 34.Bg5 Bd7 
35.g4 Kf8 36.Rd6 f5 37.Rf6+ Kg7 38.gxf5 h6 39.Rg6+ 1-0

[Event "SportAccord Rapid 2014"]
[Site "Beijing CHN"]
[Date "2014.12.11"]
[Round "3.8"]
[White "Wojtaszek, R"]
[Black "Bacrot, E"]
[Result "1-0"]
[WhiteElo "2744"]
[BlackElo "2718"]
[EventDate "2014.12.11"]
[WhiteTitle "GM"]
[BlackTitle "GM"]
[WhiteFideId "1118358"]
[BlackFideId "605506"]

1.d4 Nf6 2.c4 g6 3.Nc3 Bg7 4.e4 d6 5.Nf3 O-O 6.Be2 e5 7.Be3 exd4 8.Nxd4 
Re8 9.f3 c6 10.Bf2 d5 11.exd5 cxd5 12.c5 Nbd7 13.c6 Ne5 14.cxb7 Bxb7 15.
O-O Nc4 16.Qc1 Rc8 17.b3 Nd6 18.Qd2 Nh5 19.Ncb5 Rxe2 20.Qxe2 Nf4 21.Qd2 
Nxb5 22.Qxf4 Ba6 23.Rfe1 Nc3 24.Kh1 h5 25.Rac1 Qa5 26.Re7 Rf8 27.Qd2 Qa3 
28.Rxa7 Nxa2 29.Ra1 Rc8 30.h3 Be5 31.f4 Bb8 32.Rxa2 Qc1+ 33.Qxc1 Rxc1+ 34.
Kh2 1-0

[Event "SportAccord Blitz 2014"]
[Site "Beijing CHN"]
[Date "2014.12.13"]
[Round "15.6"]
[White "Nepomniachtchi, I"]
[Black "Ponomariov, R"]
[Result "1-0"]
[WhiteElo "2714"]
[BlackElo "2714"]
[EventDate "2014.12.13"]
[WhiteTitle "GM"]
[BlackTitle "GM"]
[WhiteFideId "4168119"]
[BlackFideId "14103320"]

1.Nf3 d6 2.e4 g6 3.d4 Bg7 4.c4 Nf6 5.Nc3 O-O 6.h3 e5 7.d5 a5 8.g4 Na6 9.
Be3 Nc5 10.Qc2 c6 11.O-O-O cxd5 12.exd5 a4 13.Nxe5 Qa5 14.Nd3 a3 15.b3 
Nfe4 16.b4 Qd8 17.Nb5 Na4 18.Bg2 Nec3 19.Nxc3 Nxc3 20.Rde1 Bd7 21.Qd2 Rc8 
22.c5 Bb5 23.Bg5 Nxa2+ 24.Kd1 Nc3+ 25.Qxc3 Bxc3 26.Bxd8 Rfxd8 27.Kc2 Bxe1 
28.Rxe1 Bxd3+ 29.Kxd3 dxc5 30.b5 a2 31.Ra1 Ra8 32.Kc4 b6 33.d6 Ra4+ 34.Kd5
c4 35.Kc6 c3 36.Kc7 Rf8 37.d7 c2 38.Bc6 c1=Q 39.Rxc1 a1=Q 40.Rxa1 Rxa1 41.
d8=Q Ra7+ 42.Kxb6 Rxd8 43.Kxa7 Kf8 44.b6 1-0

[Event "SportAccord Blitz 2014"]
[Site "Beijing CHN"]
[Date "2014.12.15"]
[Round "21.4"]
[White "Ponomariov, R"]
[Black "Aronian, L"]
[Result "1-0"]
[WhiteElo "2714"]
[BlackElo "2797"]
[EventDate "2014.12.13"]
[WhiteTitle "GM"]
[BlackTitle "GM"]
[WhiteFideId "14103320"]
[BlackFideId "13300474"]

1.d4 Nf6 2.c4 g6 3.f3 Nh5 4.g4 e5 5.gxh5 Qh4+ 6.Kd2 exd4 7.e4 dxe3+ 8.Kc2 
Bh6 9.Nc3 d6 10.hxg6 hxg6 11.Bd3 Na6 12.Nge2 O-O 13.a3 Re8 14.b4 Be6 15.
Bb2 Bg7 16.Qe1 Qh8 17.h4 Qh5 18.Qg3 Bf5 19.Rad1 c6 20.Nf4 Bxd3+ 21.Rxd3 
Qh8 22.h5 b5 23.Rdd1 g5 24.Qxg5 Qh7+ 25.Kc1 Re5 26.Qg4 Kf8 27.Ne4 bxc4 28.
h6 Bh8 29.Qd7 Re7 30.Qxd6 Bxb2+ 31.Kxb2 e2 32.Nxe2 Qh8+ 33.N2c3 Nc7 34.Qf6
Qh7 35.Ng5 1-0

[Event "SportAccord Blitz 2014"]
[Site "Beijing CHN"]
[Date "2014.12.13"]
[Round "30.6"]
[White "Ponomariov, R"]
[Black "Nepomniachtchi, I"]
[Result "1-0"]
[WhiteElo "2714"]
[BlackElo "2714"]
[EventDate "2014.12.13"]
[WhiteTitle "GM"]
[BlackTitle "GM"]
[WhiteFideId "14103320"]
[BlackFideId "4168119"]

1.d4 Nf6 2.c4 g6 3.f3 c5 4.d5 e6 5.Nc3 Bg7 6.Nh3 d6 7.Nf2 a6 8.a4 O-O 9.e4
exd5 10.cxd5 Nfd7 11.Be2 f5 12.exf5 Rxf5 13.O-O Nf6 14.f4 Ne8 15.Nfe4 Rf8 
16.Ng5 Nc7 17.Kh1 Bf5 18.Ra3 h6 19.g4 Bc8 20.Nge4 Ne8 21.Qe1 Nd7 22.f5 Ne5
23.Ng3 Nf6 24.g5 hxg5 25.Bxg5 Qe8 26.Bxf6 Bxf6 27.Nce4 gxf5 28.Nxd6 Qd8 
29.Ngxf5 Bxf5 30.Nxf5 Qxd5+ 31.Bf3 Nxf3 32.Raxf3 Rae8 33.Qg3+ Kf7 34.Nd6+ 
Ke7 35.Nxe8 Kxe8 36.Qg2 Qe6 37.R3f2 Be7 38.Rxf8+ Bxf8 39.Qxb7 Bd6 40.Qg2 
Kd8 41.Rd1 Kc7 42.Qd5 Qh6 43.Qxd6+ Qxd6 44.Rxd6 Kxd6 45.Kg2 c4 46.h4 Kc5 
47.h5 Kb4 48.h6 Kb3 49.h7 Kxb2 50.h8=Q+ c3 51.Qf6 Kb3 52.Qxa6 c2 53.Qc6 
Kb2 54.a5 1-0

[Event "European Rapid 2014"]
[Site "Wroclaw POL"]
[Date "2014.12.20"]
[Round "7.5"]
[White "Matlakov, M"]
[Black "Navara, D"]
[Result "1-0"]
[WhiteElo "2695"]
[BlackElo "2727"]
[EventDate "2014.12.20"]
[WhiteTitle "GM"]
[BlackTitle "GM"]
[WhiteFideId "4168003"]
[BlackFideId "309095"]

1.d4 Nf6 2.c4 g6 3.f3 e6 4.e4 d5 5.cxd5 exd5 6.Nc3 dxe4 7.fxe4 Bb4 8.Bd3 
c5 9.a3 Ba5 10.dxc5 Bxc3+ 11.bxc3 Qa5 12.Ne2 Qxc5 13.a4 Nc6 14.Ba3 Qe3 15.
Rf1 Ng4 16.Bb5 Qxe4 17.Rf4 Qe5 18.Bd6 Qg5 19.Qd4 f6 20.Qe4+ Ne5 21.h4 Qh5 
22.Ng3 Qh6 23.Rxf6 1-0

[Event "European Rapid 2014"]
[Site "Wroclaw POL"]
[Date "2014.12.21"]
[Round "11.4"]
[White "Wojtaszek, R"]
[Black "Kovalenko, I"]
[Result "1-0"]
[WhiteElo "2744"]
[BlackElo "2653"]
[EventDate "2014.12.20"]
[WhiteTitle "GM"]
[BlackTitle "GM"]
[WhiteFideId "1118358"]
[BlackFideId "14117908"]

1.d4 Nf6 2.c4 g6 3.f3 Bg7 4.e4 d6 5.Ne2 O-O 6.Be3 a6 7.Nec3 e5 8.d5 Nh5 9.
Nd2 c5 10.Qc2 Nd7 11.g3 f5 12.Be2 f4 13.Bf2 fxg3 14.hxg3 Qg5 15.Rg1 Bh6 
16.Nf1 Qe7 17.Ne3 Rf7 18.O-O-O b5 19.cxb5 axb5 20.Nxb5 Rxa2 21.Kb1 Ra5 22.
Nxd6 Qxd6 23.Nc4 Qa6 24.Nxa5 Qxa5 25.Rd3 Nhf6 26.Be3 Bxe3 27.Rxe3 Ne8 28.
Ra3 Qb6 29.Ra8 Nd6 30.Rc1 Kg7 31.Qc3 Bb7 32.Ra3 Qd8 33.Qe3 h5 34.Ba6 Bxa6 
35.Rxa6 Qf8 36.f4 Kh7 37.fxe5 Nxe5 38.Qxc5 Rf1 39.Ra7+ Kh6 40.Rxf1 Qxf1+ 
41.Ka2 Nec4 42.Qd4 Qe2 43.e5 Ne4 44.e6 Ncd2 45.Ra8 Qd1 46.Qe3+ Kg7 47.Ra7+
Kg8 48.Qd3 Nc3+ 49.bxc3 Qb3+ 50.Ka1 Qd1+ 51.Kb2 Qb3+ 52.Kc1 Nc4 53.Qxg6+ 
1-0

[Event "16th ch-EUR Indiv 2015"]
[Site "Jerusalem ISR"]
[Date "2015.03.02"]
[Round "6.4"]
[White "Sargissian, G"]
[Black "Kempinski, R"]
[Result "1-0"]
[WhiteElo "2668"]
[BlackElo "2625"]
[EventDate "2015.02.24"]
[WhiteTitle "GM"]
[BlackTitle "GM"]
[WhiteFideId "13300881"]
[BlackFideId "1105663"]

1.d4 Nf6 2.c4 g6 3.Nc3 Bg7 4.e4 d6 5.Nf3 O-O 6.Be2 Na6 7.O-O e5 8.Be3 Ng4 
9.Bg5 Qe8 10.dxe5 dxe5 11.h3 Nf6 12.Be3 b6 13.a3 Bb7 14.Qc2 Nh5 15.b4 c5 
16.Nd5 Rc8 17.Qd2 Nf4 18.Bxf4 exf4 19.Qxf4 Bxa1 20.Rxa1 Bxd5 21.cxd5 Nc7 
22.Bd3 Nb5 23.e5 Nc3 24.d6 b5 25.Qh6 Qd7 26.Ng5 f6 27.e6 Qg7 28.Qxg7+ Kxg7
29.e7 fxg5 30.bxc5 Rxc5 31.d7 Rcc8 32.exf8=Q+ Rxf8 33.Rc1 1-0

[Event "Aeroflot Open A 2015"]
[Site "Moscow RUS"]
[Date "2015.04.04"]
[Round "9.7"]
[White "Khismatullin, D"]
[Black "Mamedov, Rau"]
[Result "1-0"]
[WhiteElo "2650"]
[BlackElo "2658"]
[EventDate "2015.03.27"]
[WhiteTitle "GM"]
[BlackTitle "GM"]
[WhiteFideId "4142578"]
[BlackFideId "13401653"]

1.d4 Nf6 2.c4 g6 3.Nc3 Bg7 4.e4 d6 5.Be2 O-O 6.Bg5 a6 7.Nf3 Bg4 8.O-O Nfd7
9.d5 c5 10.a4 Re8 11.Qd2 Qa5 12.Ra3 Nb6 13.Qc2 Bxf3 14.gxf3 N8d7 15.Nd1 
Nc8 16.f4 Na7 17.Ne3 h6 18.Bh4 Nf8 19.Kh1 Qb4 20.Rb1 Qa5 21.Rg1 Qb4 22.Rb3
Qxa4 23.Nf5 e5 24.fxe5 Rxe5 25.Nxg7 Kxg7 26.Bf6+ Kg8 27.Qd2 1-0

[Event "19th Neckar Open 2015"]
[Site "Deizisau GER"]
[Date "2015.04.05"]
[Round "7.1"]
[White "Li Chao2"]
[Black "Bacrot, E"]
[Result "1-0"]
[WhiteElo "2721"]
[BlackElo "2712"]
[EventDate "2015.04.02"]
[WhiteTitle "GM"]
[BlackTitle "GM"]
[WhiteFideId "8604436"]
[BlackFideId "605506"]

1.d4 Nf6 2.c4 g6 3.Nc3 Bg7 4.e4 d6 5.Nf3 O-O 6.Be2 e5 7.dxe5 dxe5 8.O-O c6
9.b4 Na6 10.Ba3 Qe7 11.Qb3 Re8 12.h3 Nh5 13.b5 Nc5 14.Qc2 b6 15.bxc6 Qd6 
16.Bxc5 Qxc5 17.Qa4 Be6 18.Rfd1 Rac8 19.Nd5 Qxc6 20.Qxa7 Ra8 21.Ne7+ Rxe7 
22.Qxe7 Bf6 23.Qd6 Qxe4 24.Bf1 Qf4 25.Rab1 e4 26.Qxf4 Nxf4 27.Nd2 Bf5 28.
Rxb6 Bd4 29.Rb3 Rd8 30.g4 Bd7 31.Nf3 exf3 32.Rxd4 Ne2+ 33.Bxe2 fxe2 34.Re3
1-0

[Event "Nakhchivan Open 2015"]
[Site "Nakhchivan AZE"]
[Date "2015.05.06"]
[Round "5.1"]
[White "Pantsulaia, L"]
[Black "Onischuk, V"]
[Result "1-0"]
[WhiteElo "2615"]
[BlackElo "2629"]
[EventDate "2015.05.02"]
[WhiteTitle "GM"]
[BlackTitle "GM"]
[WhiteFideId "13602071"]
[BlackFideId "14114038"]

1.Nf3 g6 2.d4 Bg7 3.c4 d6 4.Nc3 Nf6 5.g3 O-O 6.Bg2 Nc6 7.O-O e5 8.dxe5 
dxe5 9.Bg5 Be6 10.Qa4 Qc8 11.Rad1 Nd7 12.Nd5 e4 13.Nd2 h6 14.Qxc6 bxc6 15.
Ne7+ Kh8 16.Nxc8 hxg5 17.Ne7 Rfe8 18.Nxc6 f5 19.b3 Nc5 20.Nb1 g4 21.Nd4 
Rad8 22.Nc6 Rxd1 23.Rxd1 g5 24.Na3 Bd7 25.Nb4 f4 26.Na6 Nxa6 27.Rxd7 f3 
28.Bf1 Nc5 29.Rxc7 e3 30.fxe3 Ne4 31.exf3 gxf3 32.Bh3 Rf8 33.Nb1 Rf6 34.
Re7 Nc5 35.Re5 Nd3 36.Rd5 Nb4 37.Rd8+ Kh7 38.Nd2 Kg6 39.Kf2 Nc6 40.Rd5 Nb4
41.Rd7 Nc6 42.Ne4 1-0

[Event "8th Asrian Memorial 2015"]
[Site "Yerevan ARM"]
[Date "2015.06.21"]
[Round "6.5"]
[White "Pashikian, A"]
[Black "Krasenkow, M"]
[Result "1-0"]
[WhiteElo "2604"]
[BlackElo "2604"]
[EventDate "2015.06.16"]
[WhiteTitle "GM"]
[BlackTitle "GM"]
[WhiteFideId "13301578"]
[BlackFideId "1113100"]

1.d4 Nf6 2.Nf3 g6 3.c4 Bg7 4.g3 c6 5.Nc3 d5 6.Qb3 O-O 7.Bg2 dxc4 8.Qxc4 
Bf5 9.O-O Nbd7 10.Qb3 Qb6 11.Re1 Qxb3 12.axb3 Rfd8 13.e4 Bg4 14.Be3 Bxf3 
15.Bxf3 e5 16.dxe5 Nxe5 17.Be2 a6 18.Rad1 Ned7 19.f4 Bf8 20.e5 Ne8 21.Ne4 
Bb4 22.Rf1 f5 23.Bc4+ Kg7 24.Ng5 Nc5 25.Kg2 Nc7 26.Rd6 Ne4 27.Nxe4 fxe4 
28.f5 Rxd6 29.exd6 Nd5 30.Bd4+ Kg8 31.fxg6 hxg6 32.Rf6 Rd8 33.Rxg6+ Kf8 
34.Re6 b5 35.Be2 c5 36.Be5 Bd2 37.Bh5 c4 38.d7 Ne7 39.Be8 1-0

[Event "24th Kavala Open 2015"]
[Site "Kavala GRE"]
[Date "2015.08.10"]
[Round "8.3"]
[White "Postny, E"]
[Black "Kovchan, A"]
[Result "1-0"]
[WhiteElo "2648"]
[BlackElo "2605"]
[EventDate "2015.08.04"]
[WhiteTitle "GM"]
[BlackTitle "GM"]
[WhiteFideId "2804344"]
[BlackFideId "14103052"]

1.d4 Nf6 2.c4 g6 3.f3 Nc6 4.d5 Ne5 5.e4 d6 6.Nc3 Bg7 7.f4 Ned7 8.Nh3 O-O 
9.Be2 e5 10.dxe6 fxe6 11.O-O b6 12.Be3 Bb7 13.Qc2 Nc5 14.Bf3 Nfd7 15.b4 
Bxc3 16.Qxc3 Nxe4 17.Qd3 d5 18.cxd5 Nef6 19.Ng5 Bxd5 20.Bxd5 exd5 21.Ne6 
Qe7 22.Nxf8 Rxf8 23.Rac1 c5 24.bxc5 bxc5 25.f5 Qe4 26.Qd2 d4 27.Bh6 Re8 
28.Rce1 Qd5 29.Rxe8+ Nxe8 30.Qe2 Qf7 31.fxg6 Qxg6 32.Qc4+ Kh8 33.Bf8 Qg8 
34.Qe2 Nxf8 35.Qxe8 Ne6 36.Qe7 d3 37.Qf6+ Ng7 38.Qd6 Ne6 39.Qe5+ Ng7 40.
Qxc5 1-0